Štvrťročná správa IMB dokumentuje nepriaznivý vývoj pirátstva

Celosvetová správa o pirátsve a prepadoch lodí vydaná Medzinárodným námorným úradom (International Maritime Bureau - IMB) so sídlom v Londýne, pôsobiaceho v rámci Medzinárodnej obchodnej komory (International Chamber of Commerce).

Guardado en:
Detalles Bibliográficos
Autor principal: Valachovičová, Viktória
Formato: Capítulo de libro
Lenguaje:eslovaco
Materias:
Etiquetas: Agregar Etiqueta
Sin Etiquetas, Sea el primero en etiquetar este registro!

MARC

LEADER 00000naa a2200000 4500
001 0133971
005 20240502072514.4
041 0 |a slo 
044 |a SK 
245 1 0 |a Štvrťročná správa IMB dokumentuje nepriaznivý vývoj pirátstva  |c Viktória Valachovičová 
520 |a Celosvetová správa o pirátsve a prepadoch lodí vydaná Medzinárodným námorným úradom (International Maritime Bureau - IMB) so sídlom v Londýne, pôsobiaceho v rámci Medzinárodnej obchodnej komory (International Chamber of Commerce). 
610 2 0 |a doprava námorná 
610 2 0 |a linky námorné 
610 2 0 |a priemysel 
610 2 0 |a loďstvo 
610 2 0 |a lode 
610 2 0 |a plavidlá 
610 2 0 |a kriminalita 
610 2 0 |a krádeže 
610 2 0 |a činy trestné 
100 1 |a Valachovičová, Viktória